00895 a2200157 4500003000500000005001700005040000900022082001700031100002900048245006100077260003600138300001600174505050000190600002900690650001800719Nust20230504102341.0 cNust a959.7043,MER aMertel Colonel Kenneth D aYear of the hosrse Vietnam / cColonel Kenneth D. Mertel aNew York, bExposition, c1968. aviii, 380p. aThe New Ist air Cavalry Division (Page-3), Shipboard (Page-32), Arrival in Vietnam _ Green Trace (Page-49), First Air Assault (Page-72), Ben Khe Air Assault (Page-94), Plei Mei/Pleiku (Page-119), Highway 19 (Page-140), Back to Plei Mei (Page-152), The Battle of an Khe South (Page-176), First Blood (Page-195), Christmas , Vietnam -1965 (Page-230), On the Cambodian Border (Page-247), China Sea Coast – Bong Son (Page-275), Tarzan – Jim Bowie (Page-321), Drive on – All The Way (Page-345). aColonel Kenneth D.Mertel aHorse Vietnam